[Event "Catalunya-ch U16"]
[Site "Sabadell"]
[Date "2010.01.30"]
[Round "3.4"]
[White "Membrive Ruiz, Julia"]
[Black "Torres Morales, Ferran"]
[Result "0-1"]
[WhiteElo "1729"]
[BlackElo "1852"]
[PlyCount "138"]
[EventDate "2010.01.16"]
[EventType "swiss"]
[EventRounds "6"]
[EventCountry "ESP"]
[SourceTitle "EXT 2024"]
[Source "ChessBase"]
[SourceDate "2023.10.10"]
[SourceVersion "1"]
[SourceVersionDate "2023.10.10"]
[SourceQuality "1"]

1. e4 e6 2. d4 d5 3. Nc3 Bb4 4. Bd2 c5 5. Nge2 Nc6 6. a3 Bxc3 7. Bxc3 c4 8. Ng3 Nge7 9. Be2 0-0 10. 0-0 b5 11. Re1 Bb7 12. e5 a5 13. b3 b4 14. axb4 axb4 15. Rxa8 Qxa8 16. Bb2 c3 17. Bc1 Ba6 18. Bg4 Na7 19. Bh3 Nb5 20. Qg4 Qa7 21. Be3 Ng6 22. Rd1 Qd7 23. Nh5 Na3 24. Bh6 Qb5 25. Bxg7 Rc8 26. g3 Qe2 27. Bh6 Qxg4 28. Bxg4 Nxc2 29. Nf6+ Kh8 30. Nd7 Nxd4 31. Rxd4 c2 32. Kg2 c1Q 33. Bxc1 Rxc1 34. Rd1 Rxd1 35. Bxd1 Bb5 36. Nc5 Nxe5 37. f4 Nc6 38. Kf3 Kg7 39. Ke3 Kf8 40. Bc2 h6 41. g4 Kg7 42. Nd7 Ne7 43. Ne5 f6 44. Nd3 Ng6 45. Kd4 Bxd3 46. Bxd3 Nxf4 47. Bf1 e5+ 48. Kc5 d4 49. Kxb4 Kf7 50. Kc4 Ke7 51. b4 Kd7 52. b5 Kc7 53. Kc5 d3 54. Bxd3 Nxd3+ 55. Kd5 Nf4+ 56. Ke4 Kb6 57. Kf5 Kxb5 58. Ke4 Kc5 59. h4 Kd6 60. Kf5 Kd5 61. h5 Nh3 62. Kg6 e4 63. Kxh6 Ke6 64. Kg6 e3 65. h6 Ng5 66. Kh5 e2 67. Kg6 e1Q 68. Kh5 Kf7 69. h7 Qh1# 0-1

[Event "Catalunya-ch U16"]
[Site "Sabadell"]
[Date "2010.01.16"]
[Round "1.7"]
[White "Membrive Ruiz, Julia"]
[Black "Vilasaro Ruiz, Gerard"]
[Result "1-0"]
[WhiteElo "1729"]
[BlackElo "1700"]
[PlyCount "65"]
[EventDate "2010.01.16"]
[EventType "swiss"]
[EventRounds "6"]
[EventCountry "ESP"]
[SourceTitle "EXT 2024"]
[Source "ChessBase"]
[SourceDate "2023.10.10"]
[SourceVersion "1"]
[SourceVersionDate "2023.10.10"]
[SourceQuality "1"]

1. e4 e5 2. Nf3 Nc6 3. Bc4 Nf6 4. d3 Bd6 5. Bg5 0-0 6. Nc3 Be7 7. 0-0 d6 8. h3 h6 9. Bh4 Be6 10. Bxe6 fxe6 11. Ne2 d5 12. Ng3 Qe8 13. c3 dxe4 14. dxe4 Rd8 15. Qb3 b6 16. Qxe6+ Rf7 17. b4 Rd6 18. Qb3 b5 19. Nf5 Rd7 20. Qe6 Nd8 21. Qb3 Nc6 22. a4 a6 23. axb5 axb5 24. Ra6 Rd8 25. Qe6 g6 26. Nxh6+ Kg7 27. Nxf7 Qxf7 28. Qxf7+ Kxf7 29. Rxc6 Rd7 30. Nxe5+ Ke8 31. Nxd7 Kxd7 32. Rxf6 Bxf6 33. Bxf6 1-0

[Event "Barcelona Region West-ch U14"]
[Site "Barcelona"]
[Date "2009.01.17"]
[Round "1.9"]
[White "Torres Morales, Ferran"]
[Black "Membrive Ruiz, Julia"]
[Result "1-0"]
[WhiteElo "1707"]
[BlackElo "1700"]
[PlyCount "83"]
[EventDate "2009.01.17"]
[EventType "swiss"]
[EventRounds "6"]
[EventCountry "ESP"]
[SourceTitle "EXT 2024"]
[Source "ChessBase"]
[SourceDate "2023.10.10"]
[SourceVersion "1"]
[SourceVersionDate "2023.10.10"]
[SourceQuality "1"]

1. e4 e6 2. d4 d5 3. e5 c5 4. c3 Nc6 5. Nf3 Qb6 6. Be2 Bd7 7. b3 0-0-0 8. Be3 h6 9. 0-0 c4 10. bxc4 dxc4 11. Bxc4 Na5 12. Nbd2 g5 13. d5 Nxc4 14. Bxb6 Nxb6 15. c4 Ba4 16. Nb3 Nxc4 17. Qd4 Bb5 18. Rfc1 Rxd5 19. Qxa7 Bc5 20. Nxc5 Ne7 21. Qxb7+ Kd8 22. Qxb5 Na3 23. Qa5+ Ke8 24. Qa8+ Rd8 25. Qxa3 Nd5 26. Qa4+ Kf8 27. Nd7+ Kg7 28. Qc6 Nf4 29. Rd1 Ne2+ 30. Kf1 g4 31. Nd4 Nf4 32. g3 Nh3 33. f3 gxf3 34. Nxf3 Rc8 35. Qe4 Ng5 36. Nxg5 hxg5 37. h4 f5 38. Qd4 Rhd8 39. hxg5 Rc7 40. Rac1 Rcxd7 41. Qxd7+ Rxd7 42. Rxd7+ 1-0